000 00355nam a2200145Ia 4500
005 20251222151309.0
008 251222s9999||||xx |||||||||||||| ||spa||
020 _a8484500403
082 _a618.928.498/E92
100 _aEstivill, Eduard
245 0 _aDuérmete, Niño:
250 _a1ra. ed.
264 _bPalza & Janés Editores, S.A.
942 _cLIB
999 _c23300
_d23300